Smash Ultimate Characters With Unique Victory Themes - Statistics

General Stats
  • This quiz has been taken 44 times
    26 since last reset
  • The average score is 26 of 33
Answer Stats
Number Character % Correct
81 Kazuya
100%
11 Captain Falcon
94%
71 Joker
94%
77 Steve
94%
76 Min Min
89%
55 Pac-Man
89%
38 Sonic
89%
82 Sora
89%
74 Terry
89%
73 Banjo-Kazooie
83%
75 Byleth
83%
72 Hero
83%
46 Mega Man
83%
27 Meta Knight
83%
26 Mr. Game & Watch
83%
42 R.O.B.
83%
78 Sephiroth
83%
61 Cloud
78%
15 Ice Climbers
78%
64 Inkling
78%
31 Snake
78%
47 Wii Fit Trainer
78%
5 Yoshi
78%
63 Bayonetta
72%
62 Corrin
72%
59 Duck Hunt
72%
67 King K Rool
72%
57 Shulk
72%
30 Wario
72%
28E Dark Pit
67%
49 Little Mac
61%
40 Olimar
61%
48 Rosalina & Luma
61%
No matching quizzes found
Score Distribution
Percent of People with Each Score
Percentile by Number Answered
Your Score History
You have not taken this quiz since the last reset